[Event "Aarhus Chess House Summer op"]
[Site "Aarhus"]
[Date "2017.06.26"]
[Round "2"]
[White "Staugaard, Henning"]
[Black "Frokjaer Jensen, Martin"]
[Result "0-1"]
[WhiteElo "1538"]
[BlackElo "1765"]
[PlyCount "66"]
[EventDate "2017.06.25"]
[EventType "swiss"]
[EventRounds "7"]
[EventCountry "DEN"]
[SourceTitle "EXT 2018"]
[Source "ChessBase"]
[SourceDate "2017.10.13"]
[SourceVersion "1"]
[SourceVersionDate "2017.10.13"]
[SourceQuality "1"]

1. e4 e5 2. Nf3 Nc6 3. Bc4 Be7 4. 0-0 Nf6 5. Re1 0-0 6. Nc3 d6 7. d3 h6 8. h3 Na5 9. Bb3 Nxb3 10. axb3 a6 11. b4 Bd7 12. Be3 Re8 13. Ne2 Nh7 14. Qd2 Ng5 15. Nxg5 Bxg5 16. Bxg5 hxg5 17. g4 Qf6 18. Ng3 g6 19. Re3 Qh8 20. Ne2 Qh4 21. Kg2 f5 22. exf5 gxf5 23. gxf5 Bxf5 24. Rg3 Kf7 25. Rh1 Rh8 26. Qe3 g4 27. Ng1 Rag8 28. d4 gxh3+ 29. Nxh3 Be4+ 30. Kf1 Bxh1 31. Qb3+ d5 32. Rxg8 Kxg8 33. Ng1 Qg4 0-1